000 01782cam a2200349 i 4500
999 _c29300
_d29271
001 20509216
003 EG-ScBUE
005 20210802124152.0
008 180524t2018 nyua f b 001 0 eng d
020 _a9780190880200
040 _aDLC
_beng
_erda
_cDLC
_dDLC
_dEG-ScBUE
082 0 4 _a321.9
_bFRA
_222
100 1 _aFrantz, Erica,
_eauthor.
_927429
245 1 0 _aAuthoritarianism :
_bwhat everyone needs to know /
_cErica Frantz.
264 1 _aNew York, NY :
_bOxford University Press,
_c[2018]
264 4 _cc2018
300 _aix, 188 pages :
_billustrations ;
_c23 cm.
336 _atext
_btxt
_2rdacontent
337 _aunmediated
_bn
_2rdamedia
338 _avolume
_bnc
_2rdacarrier
490 0 _aLanguage and literacy series
504 _aIncludes bibliographical references and index.
505 2 _aIntroduction -- Understanding authoritarian politics -- The authoritarian landscape -- Authoritarian leadership -- Authoritarian regime types -- How authoritarian regimes gain power -- Strategies for survival -- How authoritarian regimes fall and what comes next -- Conclusion.
650 7 _aAuthoritarianism.
_2BUEsh
653 _bBUSBOL
_cAugust2021
655 _vReading book
_934232
776 0 8 _iOnline version:
_aFrantz, Erica, author.
_tAuthoritarianism
_dNew York : Oxford University Press, [2018]
_z9780190880217
_w(DLC) 2018039997
906 _a7
_bcbc
_corignew
_d1
_eecip
_f20
_gy-gencatlg
942 _2ddc
_cBB